[Event "Ontario op"]
[Site "Ottawa CAN"]
[Date "2023.05.21"]
[Round "3.6"]
[White "Ramesh, Sanjay"]
[Black "Liang, Jason"]
[Result "0-1"]
[WhiteElo "1984"]
[BlackElo "2628"]
[PlyCount "54"]
[EventDate "2023.05.20"]
[EventType "swiss"]
[EventRounds "6"]
[EventCountry "CAN"]

1. d4 d5 2. c4 e6 3. Nc3 c6 4. Nf3 dxc4 5. a4 Bb4 6. e4 b5 7. Bd2 a5 8. axb5
Bxc3 9. Bxc3 cxb5 10. b3 Nf6 11. Nd2 Bb7 12. bxc4 b4 13. Bb2 Nxe4 14. Bd3 Nf6
15. O-O O-O 16. Re1 Nbd7 17. Re3 Qc7 18. Rh3 Rfe8 19. d5 h6 20. Ne4 Nxe4 21.
Bxe4 exd5 22. Bxg7 Kxg7 23. Qh5 Qf4 24. Rg3+ Kf8 25. Bf3 Nf6 26. Qh3 Bc8 27.
Qxh6+ Qxh6 0-1

[Event "Ontario op"]
[Site "Ottawa CAN"]
[Date "2023.05.21"]
[Round "3.7"]
[White "Azar, Sebastien"]
[Black "Reprintsev, Alexander"]
[Result "1/2-1/2"]
[WhiteElo "2075"]
[BlackElo "2361"]
[PlyCount "223"]
[EventDate "2023.05.20"]
[EventType "swiss"]
[EventRounds "6"]
[EventCountry "CAN"]

1. e4 e5 2. Nf3 Nc6 3. d4 exd4 4. Nxd4 Qh4 5. Nc3 Bb4 6. Ndb5 Kd8 7. Qd5 Qe7 8.
Bf4 d6 9. O-O-O Nf6 10. Qc4 a6 11. Nxc7 Qxc7 12. Nd5 Qa5 13. Nxf6 gxf6 14. Qxf7
Bg4 15. Qxf6+ Kc7 16. Qg7+ Bd7 17. Bc4 Rhe8 18. Rd5 b5 19. e5 Rad8 20. Rhd1 Kc8
21. exd6 Qb6 22. Bb3 Qxf2 23. Bd2 Bxd2+ 24. R5xd2 Qe3 25. Bd5 Ne5 26. Kb1 h6
27. b3 Qg5 28. Qh7 Ng6 29. Bf7 Re1 30. Rd5 Qxd5 31. Rxe1 Qd2 32. Rc1 Ne5 33.
Qe4 Qxd6 34. Qa8+ Qb8 35. Qxa6+ Qb7 36. Qxb7+ Kxb7 37. Bd5+ Bc6 38. Bxc6+ Nxc6
39. c3 Rd2 40. Rc2 Rd3 41. Kb2 Re3 42. Rf2 Ne5 43. Kc2 Re1 44. h3 Ra1 45. Rf5
Rxa2+ 46. Kd1 Ng6 47. Rxb5+ Kc6 48. Rh5 Rxg2 49. Rxh6 Kd5 50. Rh7 Ke4 51. Rg7
Kd3 52. Ke1 Ke3 53. Kd1 Rd2+ 54. Kc1 Rd6 55. Kb2 Nf4 56. b4 Kd2 57. Kb3 Rd3 58.
Kc4 Rxc3+ 59. Kb5 Rxh3 60. Rg1 Kc3 61. Kc5 Nd3+ 62. Kd5 Rh5+ 63. Ke6 Nf4+ 64.
Kf6 Rb5 65. Re1 Nd3 66. Re8 Kd4 67. Re7 Ne5 68. Re6 Ke4 69. Rd6 Rxb4 70. Ra6
Nd7+ 71. Kg6 Rb5 72. Ra4+ Ke5 73. Kg5 Nc5 74. Ra8 Rb4 75. Ra5 Rc4 76. Rb5 Rc3
77. Kg4 Rc1 78. Ra5 Ke4 79. Kg5 Rg1+ 80. Kf6 Rf1+ 81. Kg6 Nb7 82. Ra7 Rb1 83.
Kg5 Rb6 84. Ra4+ Ke5 85. Ra7 Rb2 86. Kg4 Rb3 87. Ra1 Nd6 88. Ra5+ Nb5 89. Ra1
Rb4+ 90. Kg5 Nd6 91. Ra5+ Ke6 92. Ra6 Rc4 93. Rb6 Ke5 94. Ra6 Ne4+ 95. Kg6 Nc5
96. Ra5 Rc1 97. Rb5 Rg1+ 98. Kf7 Kd5 99. Ra5 Kd6 100. Ra2 Rf1+ 101. Kg6 Rf3
102. Ra1 Rf4 103. Ra2 Ke6 104. Kg5 Rc4 105. Re2+ Ne4+ 106. Kg6 Ke5 107. Re1 Rc7
108. Ra1 Rc6+ 109. Kg7 Ng3 110. Ra5+ Kf4 111. Kf7 Nf5 112. Ra1 1/2-1/2

[Event "Ontario op"]
[Site "Ottawa CAN"]
[Date "2023.05.21"]
[Round "3.8"]
[White "Dukic, Zachary"]
[Black "Labib, Daniel"]
[Result "1-0"]
[WhiteElo "2347"]
[BlackElo "2071"]
[PlyCount "53"]
[EventDate "2023.05.20"]
[EventType "swiss"]
[EventRounds "6"]
[EventCountry "CAN"]

1. e4 e5 2. Nf3 Nc6 3. Bb5 a6 4. Ba4 Nf6 5. O-O Be7 6. d3 b5 7. Bb3 d6 8. a3
O-O 9. Nc3 Na5 10. Ba2 Be6 11. b4 Bxa2 12. Rxa2 Nc6 13. Bg5 Ng4 14. Bd2 Nf6 15.
Nd5 Nxd5 16. exd5 Na7 17. a4 c6 18. axb5 Nxb5 19. c4 Na7 20. Rxa6 cxd5 21. Qa4
e4 22. dxe4 dxe4 23. Nd4 Bf6 24. Be3 Qc7 25. b5 Rfc8 26. b6 Qxc4 27. b7 1-0

[Event "Ontario op"]
[Site "Ottawa CAN"]
[Date "2023.05.21"]
[Round "3.10"]
[White "Wang, Derek"]
[Black "Umayan, Vincent"]
[Result "1-0"]
[WhiteElo "2051"]
[BlackElo "2120"]
[PlyCount "88"]
[EventDate "2023.05.20"]
[EventType "swiss"]
[EventRounds "6"]
[EventCountry "CAN"]

1. Nf3 Nf6 2. d4 e6 3. c4 d5 4. Nc3 Be7 5. Bg5 h6 6. Bh4 O-O 7. e3 b6 8. Bd3
Bb7 9. O-O Nbd7 10. Qe2 Ne4 11. Bxe7 Qxe7 12. cxd5 exd5 13. Ba6 Bxa6 14. Qxa6
Nxc3 15. bxc3 c5 16. a4 Rfc8 17. a5 Rc7 18. Rfb1 Rac8 19. axb6 Nxb6 20. Ne5
cxd4 21. cxd4 Rc2 22. Nd3 R8c7 23. Ra2 Qe4 24. Rxc2 Rxc2 25. Rf1 Nc4 26. Qc8+
Kh7 27. Nc5 Nxe3 28. Nxe4 Rxc8 29. fxe3 dxe4 30. Rxf7 Ra8 31. d5 a5 32. d6 Rd8
33. Ra7 Rxd6 34. Rxa5 Rd1+ 35. Kf2 Rd2+ 36. Kf1 Kg6 37. Re5 Kf6 38. Rxe4 g5 39.
Rd4 Rxd4 40. exd4 Kf5 41. Kf2 Ke4 42. Ke2 h5 43. h4 gxh4 44. d5 Kxd5 1-0

[Event "Ontario op"]
[Site "Ottawa CAN"]
[Date "2023.05.21"]
[Round "4.1"]
[White "Sambuev, Bator"]
[Black "Vera, Reynaldo"]
[Result "1-0"]
[WhiteElo "2503"]
[BlackElo "2412"]
[PlyCount "81"]
[EventDate "2023.05.20"]
[EventType "swiss"]
[EventRounds "6"]
[EventCountry "CAN"]

1. d4 Nf6 2. c4 g6 3. Nc3 d5 4. cxd5 Nxd5 5. e4 Nxc3 6. bxc3 Bg7 7. Bc4 O-O 8.
Ne2 b6 9. h4 Bb7 10. f3 c5 11. h5 b5 12. Bb3 c4 13. Bc2 b4 14. hxg6 hxg6 15.
Rb1 a5 16. Kf2 Nc6 17. Bh6 e5 18. d5 Bxh6 19. Rxh6 Qb6+ 20. Kg3 Qe3 21. Qh1
Qg5+ 22. Kf2 Ne7 23. cxb4 axb4 24. Rxb4 Bxd5 25. exd5 Nxd5 26. Rb7 Nf6 27. Qc1
Qxc1 28. Nxc1 Ra3 29. Rh1 Rd8 30. Rd1 Rxd1 31. Bxd1 Nd5 32. Be2 Rc3 33. Rb1 Rc2
34. a4 c3 35. a5 Rb2 36. Ra1 c2 37. Ra2 Rxa2 38. Nxa2 Nb4 39. Nc1 Kf8 40. a6
Nc6 41. Bd3 1-0

[Event "Ontario op"]
[Site "Ottawa CAN"]
[Date "2023.05.21"]
[Round "4.3"]
[White "Liang, Jason"]
[Black "Yang, Ryan"]
[Result "1-0"]
[WhiteElo "2628"]
[BlackElo "2196"]
[PlyCount "79"]
[EventDate "2023.05.20"]
[EventType "swiss"]
[EventRounds "6"]
[EventCountry "CAN"]

1. e4 Nf6 2. e5 Nd5 3. d4 d6 4. Nf3 g6 5. Bc4 Nb6 6. Bb3 Bg7 7. Ng5 e6 8. Qf3
Qe7 9. Ne4 d5 10. Nf6+ Bxf6 11. exf6 Qf8 12. c3 Bd7 13. Bf4 Na6 14. Qg3 O-O-O
15. Nd2 h6 16. Bc2 g5 17. Be5 Nc4 18. Nxc4 dxc4 19. Be4 Bc6 20. Bxc6 bxc6 21.
O-O c5 22. b3 cxd4 23. cxd4 Qa3 24. Rfc1 Rd5 25. Rxc4 c5 26. Ra4 Qb2 27. Rf1
Qe2 28. Qc3 Kb7 29. Qc4 Qxc4 30. bxc4 Rd7 31. Rb1+ Nb4 32. a3 Ka8 33. axb4 cxd4
34. c5 Rd5 35. Bd6 Rd8 36. b5 d3 37. b6 Rd7 38. b7+ Rxb7 39. Rxa7+ Kxa7 40.
Ra1# 1-0

[Event "Ontario op"]
[Site "Ottawa CAN"]
[Date "2023.05.21"]
[Round "4.4"]
[White "Perez Rodriguez, Luis Manuel"]
[Black "Gao, Raymond"]
[Result "1-0"]
[WhiteElo "2411"]
[BlackElo "2250"]
[PlyCount "109"]
[EventDate "2023.05.20"]
[EventType "swiss"]
[EventRounds "6"]
[EventCountry "CAN"]

1. e4 c5 2. Nf3 d6 3. d4 cxd4 4. Nxd4 Nf6 5. Nc3 a6 6. Bg5 e6 7. f4 h6 8. Bh4
Qb6 9. a3 Be7 10. Bf2 Qc7 11. Qf3 Nbd7 12. O-O-O b5 13. g4 Bb7 14. Kb1 Nc5 15.
Bd3 d5 16. e5 Nfe4 17. Be1 O-O-O 18. Qe3 Kb8 19. Bxe4 Nxe4 20. Nxe4 dxe4 21.
Bb4 Rc8 22. c3 Bd5 23. Bxe7 Qxe7 24. Nf5 Qc7 25. Nd6 Rcd8 26. Rhf1 Rxd6 27.
exd6 Qxd6 28. f5 Re8 29. Rf2 Qc6 30. fxe6 Bxe6 31. Rfd2 Kb7 32. Rd6 Qc7 33.
Qxe4+ Kb8 34. Qd4 Bc8 35. Qxg7 f5 36. Qxc7+ Kxc7 37. Rxh6 fxg4 38. Kc1 Re2 39.
Rf1 Be6 40. Rff6 Bc8 41. Rf7+ Kb8 42. Rh8 Re6 43. Rff8 Rc6 44. Kd2 Kb7 45. Rxc8
Rxc8 46. Rxc8 Kxc8 47. Ke3 Kc7 48. Kf4 Kc6 49. Kxg4 Kc5 50. h4 Kc4 51. h5 Kb3
52. h6 Kxb2 53. h7 Kxc3 54. h8=Q+ Kb3 55. Qa8 1-0

[Event "Ontario op"]
[Site "Ottawa CAN"]
[Date "2023.05.21"]
[Round "4.5"]
[White "Mao, Fengxi"]
[Black "Xu, Daniel"]
[Result "1-0"]
[WhiteElo "2289"]
[BlackElo "2401"]
[PlyCount "125"]
[EventDate "2023.05.20"]
[EventType "swiss"]
[EventRounds "6"]
[EventCountry "CAN"]

1. a4 e5 2. e4 Nf6 3. Nc3 Bb4 4. Nd5 Bc5 5. Nxf6+ Qxf6 6. Qf3 Nc6 7. Qxf6 gxf6
8. c3 a5 9. Nf3 f5 10. exf5 e4 11. d4 Be7 12. Nd2 d5 13. f3 Bxf5 14. fxe4 dxe4
15. Nc4 O-O-O 16. Ne3 Bg6 17. Bc4 Bd6 18. O-O Rd7 19. Bb5 Rdd8 20. Nc4 Rhg8 21.
Bg5 Be7 22. Bxe7 Nxe7 23. Nxa5 Bh5 24. Rae1 Bf3 25. Rf2 c6 26. Bc4 Rg5 27. Nb3
Rdg8 28. g3 Nf5 29. Bxf7 Nxg3 30. hxg3 Rxg3+ 31. Kh2 Rg2+ 32. Rxg2 Rxg2+ 33.
Kh3 Rxb2 34. Nc5 Rc2 35. Re3 b6 36. Ne6 Rc1 37. Ng5 Ra1 38. Be6+ Kc7 39. Nxf3
exf3 40. Rxf3 Rxa4 41. Rf7+ Kd6 42. Bg4 Kd5 43. Rf6 c5 44. Bf3+ Kc4 45. d5 Kxc3
46. Rxb6 Rd4 47. d6 c4 48. Bg4 Kd2 49. Rb1 Rd3+ 50. Kh4 Kc2 51. Bf5 Kxb1 52. d7
Kc1 53. Bxd3 cxd3 54. d8=Q d2 55. Qc7+ Kb1 56. Qxh7+ Kc1 57. Qc7+ Kb1 58. Qb6+
Kc1 59. Qe3 Kc2 60. Qe2 Kc1 61. Qc4+ Kb1 62. Qd3+ Kc1 63. Qc3+ 1-0

[Event "Ontario op"]
[Site "Ottawa CAN"]
[Date "2023.05.21"]
[Round "4.6"]
[White "Jaferian, Koosha"]
[Black "Wang, Derek"]
[Result "1-0"]
[WhiteElo "2383"]
[BlackElo "2051"]
[PlyCount "159"]
[EventDate "2023.05.20"]
[EventType "swiss"]
[EventRounds "6"]
[EventCountry "CAN"]

1. e4 c5 2. Nc3 Nc6 3. Bb5 e6 4. Bxc6 bxc6 5. d3 d5 6. f4 Ne7 7. Nf3 g6 8. O-O
Bg7 9. e5 Rb8 10. b3 Ba6 11. Na4 c4 12. dxc4 dxc4 13. Nc5 Qc8 14. Ba3 Nd5 15.
Ne4 Bf8 16. Bxf8 Kxf8 17. Nd6 Qd8 18. Rf2 h6 19. bxc4 Ne3 20. Qd4 Qb6 21. Re1
Nxc4 22. Nxc4 Qxd4 23. Nxd4 Bxc4 24. Nxc6 Rc8 25. Nd4 Bxa2 26. Ra1 Bd5 27. Rxa7
Rc5 28. Rd2 Kg7 29. Kf2 Rb8 30. g3 Rb1 31. Ke3 Rc3+ 32. Rd3 Rc4 33. Rd2 Rc3+
34. Rd3 Rc4 35. Raa3 Re1+ 36. Kd2 Rh1 37. h4 Rh2+ 38. Kc1 Be4 39. Nxe6+ Kh7 40.
Nd4 Bxd3 41. Rxd3 Rb4 42. e6 fxe6 43. Nxe6 Rb7 44. Rc3 Rg2 45. Nd4 Rg1+ 46. Kd2
Rg2+ 47. Ne2 Re7 48. Re3 Rd7+ 49. Ke1 Rh2 50. Re5 Rh1+ 51. Kf2 Rc7 52. c3 Rh2+
53. Kf3 Rxe2 54. Rxe2 Rxc3+ 55. Re3 Rc7 56. Kg4 Kg7 57. h5 gxh5+ 58. Kxh5 Rc5+
59. Re5 Rc3 60. Kg4 Kf6 61. Ra5 Kg6 62. Ra6+ Kg7 63. f5 Rc5 64. Rg6+ Kh7 65.
Re6 Kg7 66. Kf4 Ra5 67. g4 Rb5 68. Re7+ Kf6 69. Rh7 Rb4+ 70. Kg3 Rb6 71. Rxh6+
Kg5 72. Rh5+ Kf6 73. Kh4 Rb7 74. Rh6+ Kf7 75. Kg5 Rb4 76. Rh7+ Kg8 77. Ra7 Rc4
78. f6 Rb4 79. Kf5 Rc4 80. g5 1-0

[Event "Ontario op"]
[Site "Ottawa CAN"]
[Date "2023.05.21"]
[Round "4.7"]
[White "Zhu, Matthew"]
[Black "Dukic, Zachary"]
[Result "1-0"]
[WhiteElo "2084"]
[BlackElo "2347"]
[PlyCount "83"]
[EventDate "2023.05.20"]
[EventType "swiss"]
[EventRounds "6"]
[EventCountry "CAN"]

1. e4 c5 2. Nf3 Nc6 3. d4 cxd4 4. Nxd4 Nf6 5. Nc3 e5 6. Ndb5 d6 7. Bg5 a6 8.
Na3 b5 9. Bxf6 gxf6 10. Nd5 f5 11. g3 fxe4 12. Bg2 Be6 13. Bxe4 Rc8 14. c3 Bg7
15. Qh5 Ne7 16. Rd1 Rc5 17. Nxe7 Qxe7 18. Nc2 d5 19. Bf5 d4 20. Bxe6 Qxe6 21.
O-O dxc3 22. bxc3 O-O 23. Ne3 f5 24. Rd2 Rxc3 25. Rfd1 Qh6 26. Qe2 Rc6 27. Rd7
Rcf6 28. Qc2 Qh5 29. Qc7 Rg6 30. Rd8 f4 31. Ng2 Rgf6 32. R1d7 Bh6 33. Qc2 Qg6
34. Qb3+ Kh8 35. Qb2 Qe4 36. f3 Qxf3 37. Qxe5 fxg3 38. hxg3 Qf2+ 39. Kh2 Bg7
40. Rxf8+ Bxf8 41. Rf7 Be7 42. Qb8+ 1-0

[Event "Ontario op"]
[Site "Ottawa CAN"]
[Date "2023.05.21"]
[Round "4.8"]
[White "Reprintsev, Alexander"]
[Black "Shi, Michael"]
[Result "1-0"]
[WhiteElo "2361"]
[BlackElo "1992"]
[PlyCount "83"]
[EventDate "2023.05.20"]
[EventType "swiss"]
[EventRounds "6"]
[EventCountry "CAN"]

1. e4 e5 2. Nf3 Nc6 3. Bc4 Bc5 4. b4 Bb6 5. a4 a6 6. Nc3 Nf6 7. Nd5 Nxd5 8.
exd5 Nd4 9. Nxd4 Bxd4 10. Ra3 Bxf2+ 11. Kxf2 Qh4+ 12. Rg3 Qxc4 13. Rxg7 Qd4+
14. Ke1 Qe4+ 15. Qe2 Qxe2+ 16. Kxe2 Kf8 17. Rg3 Rg8 18. Rc3 Ke7 19. Kf2 c6 20.
Re1 d6 21. dxc6 bxc6 22. Rxc6 Bd7 23. Rb6 Rgb8 24. a5 Rxb6 25. axb6 Bc6 26. d4
e4 27. c4 d5 28. Bg5+ Kd7 29. c5 Bb5 30. Re3 Rg8 31. Bf4 Bc6 32. Rh3 Rg7 33.
Rh6 Rg6 34. Rxh7 Rf6 35. Ke3 Ke6 36. Rh8 Kd7 37. h4 Re6 38. h5 Re8 39. Rh7 Rg8
40. Rxf7+ Ke6 41. Rc7 Bb5 42. g3 1-0

[Event "Ontario op"]
[Site "Ottawa CAN"]
[Date "2023.05.22"]
[Round "5.1"]
[White "Perez Rodriguez, Luis Manuel"]
[Black "Sambuev, Bator"]
[Result "1-0"]
[WhiteElo "2411"]
[BlackElo "2503"]
[PlyCount "121"]
[EventDate "2023.05.20"]
[EventType "swiss"]
[EventRounds "6"]
[EventCountry "CAN"]

1. e4 e5 2. Nf3 Nc6 3. Bb5 a6 4. Ba4 d6 5. O-O Bd7 6. d4 Nxd4 7. Bxd7+ Qxd7 8.
Nxd4 exd4 9. Qxd4 Nf6 10. b3 Be7 11. Bb2 O-O 12. Nc3 c6 13. Rad1 Rad8 14. Rfe1
Rfe8 15. h3 Bf8 16. Re3 Re6 17. Ne2 Qe8 18. Ng3 d5 19. e5 Nd7 20. Qf4 Bc5 21.
Re2 f6 22. exf6 Rxe2 23. f7+ Qxf7 24. Qxf7+ Kxf7 25. Nxe2 Nf6 26. Nf4 Ne4 27.
Nd3 Bb6 28. g4 Re8 29. Kg2 d4 30. Re1 Re6 31. f3 Nf6 32. Ne5+ Ke8 33. f4 Nd5
34. Kf3 c5 35. f5 Re7 36. Nd3 Rxe1 37. Nxe1 Kd7 38. Ke4 Kd6 39. Nd3 Bd8 40.
Nxc5 Kxc5 41. Bxd4+ Kd6 42. Be5+ Kc6 43. Bxg7 Ba5 44. a3 Bd2 45. c4 Nb6 46. h4
Nc8 47. Be5 Be1 48. h5 Nd6+ 49. Bxd6 Kxd6 50. g5 Bd2 51. g6 hxg6 52. fxg6 Ke6
53. b4 Bc1 54. a4 Bd2 55. b5 axb5 56. axb5 Bb4 57. h6 Kf6 58. h7 Kg7 59. Kd5 b6
60. Ke6 Bc5 61. h8=Q+ 1-0

[Event "Ontario op"]
[Site "Ottawa CAN"]
[Date "2023.05.22"]
[Round "5.3"]
[White "Plotkin, Victor"]
[Black "Mao, Fengxi"]
[Result "1-0"]
[WhiteElo "2369"]
[BlackElo "2289"]
[PlyCount "109"]
[EventDate "2023.05.20"]
[EventType "swiss"]
[EventRounds "6"]
[EventCountry "CAN"]

1. e4 Na6 2. d4 c6 3. Nf3 Nc7 4. c4 d5 5. exd5 cxd5 6. Nc3 Nf6 7. Ne5 g6 8.
cxd5 Bg7 9. Bc4 O-O 10. Qf3 e6 11. O-O Nfxd5 12. Rd1 Bd7 13. Bb3 Be8 14. Bd2 f6
15. Nd3 Bc6 16. Qh3 Re8 17. Rac1 Qe7 18. Re1 Qf7 19. Nxd5 Bxd5 20. Bf4 Nb5 21.
Ba4 Bc6 22. Nb4 Nxd4 23. Nxc6 Nxc6 24. Be3 f5 25. b4 Rec8 26. Qh4 a5 27. b5 Nb4
28. Bb3 Nd5 29. Bd2 b6 30. Rc6 Rxc6 31. bxc6 Rc8 32. Qc4 Nc7 33. Rxe6 Kf8 34.
Re8+ Qxe8 35. Qg8+ Ke7 36. Qxg7+ Kd6 37. Qf6+ Ne6 38. Bf4+ Kxc6 39. Bxe6 Kb5
40. Qe5+ Ka6 41. Bxc8+ Qxc8 42. h4 Qc4 43. a3 Qd3 44. Qe3 Qd1+ 45. Kh2 Qa4 46.
g3 Qc2 47. Qd4 Kb5 48. Be3 Qc6 49. a4+ Ka6 50. Qd8 h6 51. Bxh6 Qxa4 52. Qa8+
Kb5 53. Qe8+ Kb4 54. Qxg6 Qb5 55. Be3 1-0

[Event "Ontario op"]
[Site "Ottawa CAN"]
[Date "2023.05.22"]
[Round "5.4"]
[White "Vera, Reynaldo"]
[Black "Zhu, Matthew"]
[Result "1-0"]
[WhiteElo "2412"]
[BlackElo "2084"]
[PlyCount "37"]
[EventDate "2023.05.20"]
[EventType "swiss"]
[EventRounds "6"]
[EventCountry "CAN"]

1. c4 g6 2. Nc3 c5 3. Nf3 Bg7 4. d4 cxd4 5. Nxd4 Nc6 6. Nc2 Bxc3+ 7. bxc3 Qa5
8. e4 Nf6 9. f3 d6 10. Rb1 a6 11. Nb4 Ne5 12. Be2 Be6 13. Nd5 Rc8 14. Nxf6+
exf6 15. Qxd6 Nxc4 16. Bxc4 Qxc3+ 17. Bd2 Qxc4 18. Rxb7 Qc5 19. Re7+ 1-0

[Event "Ontario op"]
[Site "Ottawa CAN"]
[Date "2023.05.22"]
[Round "5.5"]
[White "Yang, Ryan"]
[Black "Azar, Sebastien"]
[Result "1/2-1/2"]
[WhiteElo "2196"]
[BlackElo "2075"]
[PlyCount "69"]
[EventDate "2023.05.20"]
[EventType "swiss"]
[EventRounds "6"]
[EventCountry "CAN"]

1. e4 c5 2. Nc3 Nc6 3. Bb5 Nd4 4. Bc4 e6 5. Nf3 a6 6. a4 Qc7 7. d3 Ne7 8. Nxd4
cxd4 9. Ne2 Nc6 10. O-O g6 11. f4 Bg7 12. Qe1 Na5 13. b3 Rb8 14. e5 b5 15. axb5
Nxc4 16. bxc4 axb5 17. Ba3 Bf8 18. Bxf8 Kxf8 19. Qb4+ Kg7 20. c5 Bb7 21. Nxd4
Rhc8 22. c6 dxc6 23. Qc5 Qd7 24. c3 b4 25. cxb4 Rd8 26. Nf3 Qxd3 27. Rad1 Qxd1
28. Rxd1 Rxd1+ 29. Kf2 Rd7 30. Ng5 Ra8 31. Kg3 Ra2 32. h3 h6 33. Ne4 Rd3+ 34.
Kh2 Ba8 35. Nf6 1/2-1/2

[Event "Ontario op"]
[Site "Ottawa CAN"]
[Date "2023.05.21"]
[Round "5.6"]
[White "Xu, Daniel"]
[Black "Reprintsev, Alexander"]
[Result "1-0"]
[WhiteElo "2401"]
[BlackElo "2361"]
[PlyCount "79"]
[EventDate "2023.05.20"]
[EventType "swiss"]
[EventRounds "6"]
[EventCountry "CAN"]

1. e4 d5 2. exd5 Qxd5 3. Nc3 Qd6 4. d4 Nf6 5. Nf3 c6 6. Bc4 Bg4 7. Be3 Nbd7 8.
h3 Bh5 9. Be2 e6 10. Qd2 Qc7 11. Bf4 Bd6 12. Bxd6 Qxd6 13. O-O O-O 14. Qe3 Nd5
15. Nxd5 cxd5 16. Bd3 Bg6 17. Bxg6 hxg6 18. c3 b5 19. Ne5 Nb6 20. Nd3 Na4 21.
g3 a5 22. a3 Rfc8 23. Kg2 Qb6 24. Rab1 Qb8 25. h4 Nb6 26. h5 gxh5 27. Qg5 Nd7
28. Qxh5 Nf6 29. Qh4 Kf8 30. Ne5 Rc7 31. Qh8+ Ng8 32. Rh1 Qe8 33. Rbe1 f6 34.
Nd3 g5 35. Nc5 e5 36. dxe5 Rxc5 37. Rh7 Qg6 38. e6 Rac8 39. e7+ Ke8 40. Rg7 1-0

[Event "Ontario op"]
[Site "Ottawa CAN"]
[Date "2023.05.22"]
[Round "5.8"]
[White "Gao, Raymond"]
[Black "Gao, Lucy"]
[Result "1/2-1/2"]
[WhiteElo "2250"]
[BlackElo "1845"]
[PlyCount "62"]
[EventDate "2023.05.20"]
[EventType "swiss"]
[EventRounds "6"]
[EventCountry "CAN"]

1. c4 e5 2. a3 Nf6 3. d3 d5 4. cxd5 Nxd5 5. Nf3 Nc6 6. e4 Nf6 7. Qc2 h6 8. Be2
a5 9. Be3 Be6 10. Nc3 Ng4 11. Bd2 Bc5 12. O-O O-O 13. Na4 Bd6 14. Nc5 Bc8 15.
b4 axb4 16. axb4 Rxa1 17. Rxa1 b6 18. Na6 Qd7 19. b5 Nd8 20. h3 Nf6 21. d4 exd4
22. e5 Re8 23. Nb8 Qe7 24. exd6 Qxe2 25. d7 Bxd7 26. Nxd7 Ne4 27. Rf1 Qxb5 28.
Qxc7 Ne6 29. Qb7 Nd6 30. Qa7 Nc8 31. Qb7 Nd6 1/2-1/2

[Event "Ontario op"]
[Site "Ottawa CAN"]
[Date "2023.05.22"]
[Round "5.10"]
[White "Gordon, David"]
[Black "Ramesh, Sanjay"]
[Result "1-0"]
[WhiteElo "2209"]
[BlackElo "1984"]
[PlyCount "57"]
[EventDate "2023.05.20"]
[EventType "swiss"]
[EventRounds "6"]
[EventCountry "CAN"]

1. d4 d5 2. c4 c6 3. Nf3 Nf6 4. Nc3 a6 5. a4 e6 6. Bg5 Nbd7 7. e3 Bd6 8. c5 Bc7
9. b4 e5 10. Be2 h6 11. Bh4 e4 12. Nd2 g5 13. Bg3 Nf8 14. Bxc7 Qxc7 15. O-O g4
16. f3 gxf3 17. gxf3 Rg8+ 18. Kh1 exf3 19. Bxf3 Be6 20. e4 Qf4 21. exd5 cxd5
22. b5 Qxd4 23. Nde4 Qe5 24. Nxf6+ Qxf6 25. Nxd5 Qd8 26. c6 bxc6 27. Nf6+ Qxf6
28. Bxc6+ Ke7 29. Rxf6 1-0

[Event "Ontario op"]
[Site "Ottawa CAN"]
[Date "2023.05.22"]
[Round "5.11"]
[White "Umayan, Vincent"]
[Black "Zhong, Ryan Yunhui"]
[Result "1-0"]
[WhiteElo "2120"]
[BlackElo "1964"]
[PlyCount "72"]
[EventDate "2023.05.20"]
[EventType "swiss"]
[EventRounds "6"]
[EventCountry "CAN"]

1. d4 d5 2. c4 dxc4 3. e3 Nf6 4. Bxc4 e6 5. Nf3 a6 6. a3 b5 7. Ba2 Bb7 8. Nc3
Nbd7 9. b4 Ne4 10. Nxe4 Bxe4 11. O-O Nb6 12. Ne5 Bd6 13. Qg4 Bg6 14. f4 Bxe5
15. dxe5 O-O 16. Bb2 Qe7 17. Bd4 Rfd8 18. Rac1 Rd7 19. Qf3 Rb8 20. Bxb6 cxb6
21. e4 Rd2 22. Bb1 Qh4 23. Qe3 Rbd8 24. h3 h6 25. Rf2 R2d4 26. Rcf1 Bh7 27. f5
Qh5 28. fxe6 fxe6 29. Qxd4 Re8 30. Qd6 Bg6 31. Rf8+ Rxf8 32. Rxf8+ Kh7 33. Qxe6
Qd1+ 34. Kh2 h5 35. Qc8 Kh6 36. Rh8+ Kg5 1-0

[Event "Ontario op"]
[Site "Ottawa CAN"]
[Date "2023.05.22"]
[Round "6.3"]
[White "Xu, Daniel"]
[Black "Vera, Reynaldo"]
[Result "1-0"]
[WhiteElo "2401"]
[BlackElo "2412"]
[PlyCount "193"]
[EventDate "2023.05.20"]
[EventType "swiss"]
[EventRounds "6"]
[EventCountry "CAN"]

1. e4 c5 2. Nf3 d6 3. d4 cxd4 4. Nxd4 Nf6 5. Nc3 a6 6. f3 e6 7. Be3 b5 8. Qd2
Nbd7 9. g4 h6 10. O-O-O b4 11. Na4 Ne5 12. b3 Bd7 13. Nb2 d5 14. Nd3 Nxf3 15.
Nxf3 dxe4 16. Nfe5 exd3 17. Qxd3 Qc7 18. Bg2 Rc8 19. Nxd7 Nxd7 20. Rd2 Nc5 21.
Qd4 e5 22. Qc4 Be7 23. Bd5 O-O 24. Rf1 Bf6 25. Kb1 e4 26. Rf5 Nd7 27. Qxc7 Rxc7
28. Bf4 Rc3 29. Bd6 Rd8 30. Bxb4 Re3 31. c4 Ne5 32. Rf1 Nd3 33. Ba5 Rd7 34. Bb6
Rh3 35. Bxe4 Nc5 36. Rxd7 Nxd7 37. Bc7 Re3 38. Bf5 Ne5 39. Rd1 g6 40. Bc8 Re2
41. Bd8 Bg7 42. Ba5 Nf3 43. Bb7 Rb2+ 44. Kc1 Rxa2 45. Bb6 Nxh2 46. c5 Nxg4 47.
c6 Ra1+ 48. Kc2 Ra2+ 49. Kc1 Ra1+ 50. Kd2 Ra2+ 51. Kd3 Ne5+ 52. Ke3 Ng4+ 53.
Kf4 f5 54. Rd8+ Kh7 55. Rd7 Nf6 56. Rxg7+ Kxg7 57. c7 Rc2 58. Kf3 Rc3+ 59. Ke2
Kf7 60. c8=Q Rxc8 61. Bxc8 Nd5 62. Ba5 h5 63. Bxa6 Ke7 64. Bc4 Nf4+ 65. Kf3 g5
66. Bd2 Nh3 67. Kg3 g4 68. Bb4+ Kf6 69. Bc3+ Kg5 70. Bd2+ f4+ 71. Kg2 Kh4 72.
Be1+ Kg5 73. Bd2 Kf5 74. Bd5 Ng5 75. b4 h4 76. b5 h3+ 77. Kg1 g3 78. b6 h2+ 79.
Kh1 Nh3 80. Be1 Kg4 81. Be6+ Kh4 82. b7 f3 83. b8=Q f2 84. Qh8+ Kg5 85. Bd2+
Nf4 86. Bxf4+ Kxf4 87. Qf6+ Ke3 88. Bh3 Ke2 89. Qe5+ Kf3 90. Bg2+ Kg4 91. Qe4+
Kg5 92. Qf3 Kh4 93. Qf4+ Kh5 94. Qxg3 Kh6 95. Qxf2 Kg5 96. Bh3 Kh5 97. Qg3 1-0

[Event "Ontario op"]
[Site "Ottawa CAN"]
[Date "2023.05.22"]
[Round "6.4"]
[White "Jaferian, Koosha"]
[Black "Yang, Ryan"]
[Result "1/2-1/2"]
[WhiteElo "2383"]
[BlackElo "2196"]
[PlyCount "49"]
[EventDate "2023.05.20"]
[EventType "swiss"]
[EventRounds "6"]
[EventCountry "CAN"]

1. Nf3 Nf6 2. b3 d5 3. Bb2 e6 4. e3 c5 5. c4 Nc6 6. cxd5 exd5 7. d4 Bg4 8. Be2
cxd4 9. Nxd4 Bb4+ 10. Bc3 Qa5 11. Bxb4 Qxb4+ 12. Qd2 Nxd4 13. exd4 Qxd2+ 14.
Nxd2 Bxe2 15. Kxe2 O-O 16. f3 Rfc8 17. Rac1 Kf8 18. Kd3 Ke7 19. Rhe1+ Kd6 20.
Nf1 g6 21. Ne3 h5 22. h4 Ne8 23. g4 Ng7 24. Ng2 Ne6 25. Rxc8 1/2-1/2

[Event "Ontario op"]
[Site "Ottawa CAN"]
[Date "2023.05.22"]
[Round "6.5"]
[White "Azar, Sebastien"]
[Black "Dukic, Zachary"]
[Result "1-0"]
[WhiteElo "2075"]
[BlackElo "2347"]
[PlyCount "77"]
[EventDate "2023.05.20"]
[EventType "swiss"]
[EventRounds "6"]
[EventCountry "CAN"]

1. e4 c5 2. Nf3 Nc6 3. d4 cxd4 4. Nxd4 Nf6 5. Nc3 e5 6. Ndb5 d6 7. Nd5 Nxd5 8.
exd5 Nb8 9. a4 Be7 10. Be2 O-O 11. Bd2 Nd7 12. O-O f5 13. c4 a6 14. Nc3 e4 15.
a5 Ne5 16. b4 Bd7 17. Qb3 Qe8 18. f4 exf3 19. Bxf3 g5 20. Rae1 Qf7 21. Rxe5
dxe5 22. d6 Bxd6 23. Bd5 Be6 24. c5 Bxd5 25. Nxd5 Bxc5+ 26. bxc5 Rad8 27. Ne7+
Kh8 28. Qxf7 Rxf7 29. Bxg5 f4 30. Ng6+ hxg6 31. Bxd8 Kg7 32. Rd1 e4 33. Kf2 Kh6
34. Rd4 e3+ 35. Kf3 g5 36. Rd6+ Kh5 37. Rd5 Rg7 38. g3 e2 39. Kxe2 1-0

[Event "Ontario op"]
[Site "Ottawa CAN"]
[Date "2023.05.22"]
[Round "6.6"]
[White "Zhu, Matthew"]
[Black "Mao, Fengxi"]
[Result "1/2-1/2"]
[WhiteElo "2084"]
[BlackElo "2289"]
[PlyCount "36"]
[EventDate "2023.05.20"]
[EventType "swiss"]
[EventRounds "6"]
[EventCountry "CAN"]

1. e4 c5 2. Nf3 d6 3. Bb5+ Nd7 4. d4 cxd4 5. Qxd4 a6 6. Be2 Ngf6 7. c4 e5 8.
Qe3 d5 9. exd5 Bc5 10. Qb3 O-O 11. O-O e4 12. Nfd2 Re8 13. Nc3 Bd4 14. Qd1 e3
15. fxe3 Bxe3+ 16. Kh1 Ne5 17. Nde4 Nfg4 18. Bxg4 Bxg4 1/2-1/2